<?xml version="1.0" encoding="UTF-8"?>
<collection xmlns="http://www.loc.gov/MARC21/slim">
 <record>
  <leader>02103nam a22002415  4500</leader>
  <controlfield tag="001">1/32225</controlfield>
  <controlfield tag="008">070315t2003    gr            000 0 gre  </controlfield>
  <datafield tag="035" ind1=" " ind2=" ">
   <subfield code="l">34586</subfield>
  </datafield>
  <datafield tag="040" ind1=" " ind2=" ">
   <subfield code="a">GR-PeUP</subfield>
  </datafield>
  <datafield tag="082" ind1="0" ind2="0">
   <subfield code="a">DVD-ROM 930 ΑΡΧ</subfield>
  </datafield>
  <datafield tag="245" ind1="0" ind2="0">
   <subfield code="a">Αρχαίοι πολιτισμοί</subfield>
   <subfield code="h">[DVD-Video]:</subfield>
   <subfield code="b">οι μεγάλες ανακαλύψεις/</subfield>
   <subfield code="c">[National Geographic Society].</subfield>
  </datafield>
  <datafield tag="260" ind1=" " ind2=" ">
   <subfield code="a">[Washington, D.C.]:</subfield>
   <subfield code="b">[National Geographic Society],</subfield>
   <subfield code="c">c2003.</subfield>
  </datafield>
  <datafield tag="300" ind1=" " ind2=" ">
   <subfield code="a">2 τ. (4 ψηφιακοί δίσκοι λέιζερ Η/Υ· 4 ψηφιακοί δίσκοι λέιζερ Η/Υ)</subfield>
  </datafield>
  <datafield tag="500" ind1=" " ind2=" ">
   <subfield code="a">Ο τίτλος από την ετικέτα του τεκμηρίου.</subfield>
  </datafield>
  <datafield tag="500" ind1=" " ind2=" ">
   <subfield code="a">Στην αγγλική και ελληνική γλώσσα με ελληνικούς και αγγλικούς υπότιτλους.</subfield>
  </datafield>
  <datafield tag="500" ind1=" " ind2=" ">
   <subfield code="a">Παραγωγή της JWM Productions σε συνεργασία με την Crawford Communications για το National Geographic Television.</subfield>
  </datafield>
  <datafield tag="505" ind1="0" ind2=" ">
   <subfield code="a">Τ.1, μέρ.1. Αίγυπτος: τα μυστήρια του Νείλου (1 DVD-ROM). - τ.1, μέρ.2. Ελλάδα: οι δόξες του Αιγαίου (1 DVD-ROM). - τ.1, μέρ.3. Ίνκα: οι χαμένες πολιτείες (1 DVD-ROM). - τ.1, μέρ.4. Κίνα: η παγωμένη ήπειρος (1 DVD-ROM). - τ.2, μέρ.1. Ινδίες: οι θρυλικές αυτοκρατορίες (1 DVD-ROM). - τ.2, μέρ.2. Μάγια: τα μυστικά των βασιλέων. - τ.2, μέρ.3. Αφρική: η μαύρη μητρόπολη (1 DVD-ROM). - τ.2, μέρ.4. Θιβέτ: το κρυμμένο βασίλειο (1 DVD-ROM).</subfield>
  </datafield>
  <datafield tag="610" ind1="2" ind2="0">
   <subfield code="a">National Geographic Society (U.S.).</subfield>
  </datafield>
  <datafield tag="650" ind1=" " ind2="4">
   <subfield code="a">DVD-ROMs.</subfield>
  </datafield>
  <datafield tag="650" ind1=" " ind2="4">
   <subfield code="a">Πολιτισμός, Αρχαίος.</subfield>
  </datafield>
  <datafield tag="710" ind1="2" ind2=" ">
   <subfield code="a">National Geographic Society (U.S.).</subfield>
  </datafield>
  <datafield tag="852" ind1=" " ind2=" ">
   <subfield code="a">INST</subfield>
   <subfield code="b">UNIPILB</subfield>
   <subfield code="c">MMEDIA</subfield>
   <subfield code="e">20070821</subfield>
   <subfield code="h">DVD-ROM 930 ΑΡΧ</subfield>
   <subfield code="p">00153481</subfield>
   <subfield code="q">00153481</subfield>
   <subfield code="t">NOLOAN</subfield>
   <subfield code="y">23</subfield>
   <subfield code="4">1</subfield>
  </datafield>
  <datafield tag="852" ind1=" " ind2=" ">
   <subfield code="a">INST</subfield>
   <subfield code="b">UNIPILB</subfield>
   <subfield code="c">MMEDIA</subfield>
   <subfield code="e">20070821</subfield>
   <subfield code="h">DVD-ROM 930 ΑΡΧ</subfield>
   <subfield code="p">00153482</subfield>
   <subfield code="q">00153482</subfield>
   <subfield code="t">NOLOAN</subfield>
   <subfield code="y">23</subfield>
   <subfield code="4">1</subfield>
  </datafield>
 </record>
</collection>
